| 000 | 00691nam a2200229Ia 4500 | ||
|---|---|---|---|
| 003 | OSt | ||
| 005 | 20220923213552.0 | ||
| 006 | a|||||r|||| 00| 0 | ||
| 007 | ta | ||
| 008 | 220922b |||||||| |||| 00| 0 hin d | ||
| 024 | _a162,938 | ||
| 037 | _cTextual | ||
| 040 |
_aARTS _cARTS _bhin |
||
| 041 |
_2hin _ahin |
||
| 082 | _aO152:2NV:11, G8 | ||
| 100 | _aवाजपेयी, किशोरीदास | ||
| 245 | 0 |
_aसुदामा _b राजनीतिक नाटक |
|
| 246 | _aSudāmā: rājanītik nāṭaka | ||
| 260 | _c1938 | ||
| 942 |
_hO152:2NV:11, G8 _cTEXL _2CC |
||
| 999 |
_c317418 _d317418 |
||